Szczegóły MARC21

W imię Allaha : jak Zachód stworzył, sponsorował i rozpętał piekło islamskiego terroru /

003 -Nazwa inst., której nr kontr. jest w polu 001 [,]
    • @
    • Nazwa instytucji, której n kontrolny jest w polu 001
    • NUKAT
005 -DATA I CZAS OSTATNIEJ MODYFIKACJI [,]
    • @
    • pole kontrolne
    • 20241231111021.0
020 -Międzynarod. znormalizowany nr książki - ISBN [ , ]
    • a
    • Numer ISBN
    • 9788379997756 Find
040 -Instytucja sporządzająca opis [ , ]
    • a
    • Instytucja, która sporządziła opis (NP)
    • SZCZ M/HS
    • c
    • Instytucja, która sporządziła rekord (NP)
    • SZCZ M/HS
    • d
    • Instytucja, która zmodyfikowała rekord (P)
    • WR U/brks
041 -Język dokumentu [1, ]
    • a
    • Język tekstu (P)
    • polski
    • h
    • Język tekstu oryginalnego i/lub pośredniego (P)
    • angielski
942 -Rodzaj dokumentu [ , ]
    • c
    • Rodzaj dokumentu
    • Książka
100 -Hasło główne - nazwa osobowa [1, ]
    • a
    • Nazwa osobowa (NP)
    • Estulin, Daniel
    • d
    • Daty biograficzne (NP)
    • (1966- ).
    • 9
    • KHW
    • 397480
245 -Strefa tytułu i oznaczenia odpowiedzialności [1,0]
    • a
    • Tytuł
    • W imię Allaha : Find
    • b
    • Ciąg dalszy tytułu (NP)
    • jak Zachód stworzył, sponsorował i rozpętał piekło islamskiego terroru / Find
    • c
    • Pozostałe elementy strefy tytułu i oznaczenia odpowiedzialności (NP)
    • Daniel Estulin ; z języka angielskiego przełożył Maciej Potulny.
246 -Wariant tytułu [1, ]
    • i
    • Tekst wyświetlany na ekranie monitora (NP)
    • Tyt. oryg.:
    • a
    • Tytuł (NP)
    • In the name of Allah
260 -Strefa adresu wydawniczego [ , ]
    • a
    • Miejsce wydania (P)
    • Katowice :
    • b
    • Nazwa wydawcy (P)
    • Wydawnictwo Sonia Draga,
    • c
    • Data wydania (P)
    • 2016.
300 -Strefa opisu fizycznego [ , ]
    • a
    • Określenie formy książki i/lub objętość (NP)
    • 333, [2] s., [16] s. tabl. :
    • b
    • Oznaczenie ilustracji (NP)
    • il. kolor. ;
    • c
    • Format (NP)
    • 21 cm.
336 -Typ zawartości [ , ]
    • a
    • Termin opisujący typ zawartości
    • Tekst
    • b
    • Kod określający zawartość
    • txt
    • 2
    • Źródło (terminu i kodu)
    • rdacontent
337 -Typ mediów [ , ]
    • a
    • Tryb odtwarzania
    • Bez urządzenia pośredniczącego
    • b
    • Kod typu mediów
    • n
    • 2
    • Źródło (terminu i kodu)
    • rdamedia
338 -Typ/rodzaj nośnika [ , ]
    • a
    • Hasło opisujące typ nośnika
    • Wolumin
    • b
    • Kod typu nośnika
    • nc
    • 2
    • Źródło (terminu i kodu)
    • rdacarrier
500 -Uwaga ogólna [ , ]
    • a
    • Uwaga ogólna (NP)
    • Na okł. odmienny podtyt.: Historia o tym, jak Zachód wykreował, sfinansował i rozpętał islamski terroryzm.
530 -Uwaga dot. innej postaci fizycznej dokumentu [ , ]
    • a
    • Uwaga dot. innej postaci fizycznej dokumentu
    • Dostępna również jako e-book.
080 -Uniwersalna Klasyfikacja Dziesiętna [ , ]
    • 2
    • Identyfikator wydania tablic
    • UDC-P058
    • 9
    • UKD
    • 2875
    • a
    • Symbol klasyfikacji
    • 323.28
    • b
    • Dopowiedzenie
    • Prześladowania polityczne. Akty terroru. Terroryzm.
080 -Uniwersalna Klasyfikacja Dziesiętna [ , ]
    • 2
    • Identyfikator wydania tablic
    • UDC-P058
    • 9
    • UKD
    • 2892
    • a
    • Symbol klasyfikacji
    • 327
    • b
    • Dopowiedzenie
    • Międzynarodowe stosunki polityczne. Polityka światowa. Polityka międzynarodowa. Polityka zagraniczna. Dyplomacja.
    • 4
    • UKD2
    • 8141
    • x
    • Poddział wspólny
    • (73)
    • c
    • Dopowiedzenie poddz. wspólnego
    • (Stany Zjednoczone Ameryki Północnej. USA).
    • 4
    • UKD2
    • 96580
    • x
    • Poddział wspólny
    • (100-69:28)
    • c
    • Dopowiedzenie poddz. wspólnego
    • (Kraje muzułmańskie, islamskie).
080 -Uniwersalna Klasyfikacja Dziesiętna [ , ]
    • 2
    • Identyfikator wydania tablic
    • UDC-P058
    • 9
    • UKD
    • 9220
    • a
    • Symbol klasyfikacji
    • 061.1(100-622):355.3
    • b
    • Dopowiedzenie
    • NATO
610 -Hasło przedmiotowe w formie nazwy ciała zbiorowego [2,7]
    • a
    • Nazwa ciała zbiorowego lub nazwa geograficzna
    • Państwo Islamskie.
    • 2
    • Źródło terminu
    • kaba
    • 9
    • KHW
    • 334642
650 -Hasło przedmiotowe [ ,7]
    • a
    • Hasło przedmiotowe
    • Dżihad
    • y
    • Określnik chronologiczny
    • 1990-.
    • 2
    • Źródło terminu
    • kaba
    • 9
    • KHW
    • 392343
650 -Hasło przedmiotowe [ ,7]
    • a
    • Hasło przedmiotowe
    • Terroryzm
    • x
    • Określnik rzeczowy
    • aspekt religijny
    • x
    • Określnik rzeczowy
    • islam
    • y
    • Określnik chronologiczny
    • 1990-.
    • 2
    • Źródło terminu
    • kaba
    • 9
    • KHW
    • 392342
650 -Hasło przedmiotowe [ ,7]
    • a
    • Hasło przedmiotowe
    • Terroryzm
    • z
    • Określnik geograficzny
    • Środkowy Wschód
    • y
    • Określnik chronologiczny
    • 1990-.
    • 2
    • Źródło terminu
    • kaba
    • 9
    • KHW
    • 390886
650 -Hasło przedmiotowe [ ,7]
    • a
    • Hasło przedmiotowe
    • Wojna z terroryzmem (2001- ).
    • 2
    • Źródło terminu
    • kaba
    • 9
    • KHW
    • 170029
650 -Hasło przedmiotowe [ ,7]
    • a
    • Hasło przedmiotowe
    • Stosunki międzynarodowe
    • y
    • Określnik chronologiczny
    • 1989-.
    • 2
    • Źródło terminu
    • kaba
    • 9
    • KHW
    • 124705
650 -Hasło przedmiotowe [ ,7]
    • a
    • Hasło przedmiotowe
    • Terroryzm
    • y
    • Określnik chronologiczny
    • 1990-.
    • 2
    • Źródło terminu
    • kaba
    • 9
    • KHW
    • 362431
651 -Hasło przedmiotowe w formie nazwy geograficznej [ ,7]
    • a
    • Nazwa geograficzna
    • Arabia Saudyjska
    • x
    • Określnik rzeczowy
    • polityka i rządy
    • y
    • Określnik chronologiczny
    • 1982-.
    • 2
    • Źródło terminu
    • kaba
    • 9
    • KHW
    • 207795
651 -Hasło przedmiotowe w formie nazwy geograficznej [ ,7]
    • a
    • Nazwa geograficzna
    • Stany Zjednoczone
    • x
    • Określnik rzeczowy
    • polityka i rządy
    • y
    • Określnik chronologiczny
    • 2009-2017.
    • 2
    • Źródło terminu
    • kaba
    • 9
    • KHW
    • 191246
651 -Hasło przedmiotowe w formie nazwy geograficznej [ ,7]
    • a
    • Nazwa geograficzna
    • Bliski Wschód
    • x
    • Określnik rzeczowy
    • stosunki zagraniczne
    • y
    • Określnik chronologiczny
    • 1990-.
    • 2
    • Źródło terminu
    • kaba
    • 9
    • KHW
    • 397339
651 -Hasło przedmiotowe w formie nazwy geograficznej [ ,7]
    • a
    • Nazwa geograficzna
    • Bliski Wschód
    • x
    • Określnik rzeczowy
    • polityka i rządy
    • y
    • Określnik chronologiczny
    • 1990-.
    • 2
    • Źródło terminu
    • kaba
    • 9
    • KHW
    • 385076
651 -Hasło przedmiotowe w formie nazwy geograficznej [ ,7]
    • a
    • Nazwa geograficzna
    • Stany Zjednoczone
    • x
    • Określnik rzeczowy
    • polityka i rządy
    • y
    • Określnik chronologiczny
    • 2001-2009.
    • 2
    • Źródło terminu
    • kaba
    • 9
    • KHW
    • 160763
980 -Symbol UKD [ , ]
    • a
    • UKD
    • 323.28:327(73:100-69:28):061.1(100-622):355.3
700 -Hasło dodatkowe - nazwa osobowa [1, ]
    • a
    • Nazwa osobowa (NP)
    • Potulny, Maciej. Find
    • e
    • Określenie rodzaju współpracy
    • Tł.
    • 9
    • KHW
    • 397479
710 -Hasło dodatkowe - nazwa ciała zbiorowego [2, ]
    • a
    • Nazwa ciała zbiorowego lub nazwa geograficzna jako pierwszy element (NP)
    • Wydawnictwo Sonia Draga.
    • 4
    • Kod relacji
    • pbl
    • 9
    • KHW
    • 69896
920 -ISBN [ , ]
    • a
    • ISBN
    • 978-83-7999-775-6 Find
Status udost. Numer inwentarzowy Lokalizacja Data inwentaryzacji
1H.28516BNS2016-11-16
-3H.28517BNS2016-11-16